JetPunk Languages - Statistics

General Stats
  • This quiz has been taken 8 times
  • The average score is 24 of 30
Answer Stats
Language Featured % Correct
Arabic
100%
Chinese
100%
Croatian
100%
Dutch
100%
English
100%
French
100%
German
100%
Italian
100%
Japanese
100%
Polish
100%
Portuguese
100%
Spanish
100%
Swedish
100%
Bulgarian
88%
Finnish
88%
Greek
88%
Korean
88%
Norwegian
88%
Romanian
88%
Russian
88%
Turkish
88%
Czech
75%
Danish
75%
Serbian
75%
Catalan
50%
Estonian
50%
Hungarian
50%
Azerbaijani
25%
Venetian
25%
Telugu
13%
No matching quizzes found
Score Distribution
Percent of People with Each Score
Percentile by Number Answered
Your Score History
You have not taken this quiz